| 000 | 01919nam a2200433 i 4500 | ||
|---|---|---|---|
| 001 | DIGCGODT0031 | ||
| 003 | NyNyDIG | ||
| 007 | cr ||||||||||| | ||
| 008 | 230119s2014 ag o 000 0 spa d | ||
| 006 | m o d | ||
| 035 | _a(OCoLC)1367360698 | ||
| 040 |
_aDGITA _beng _erda _epn _cDGITA |
||
| 020 | _z9789871489749 | ||
| 041 | 1 |
_aspa _hfre |
|
| 050 | 1 | 4 | _aB2430.W473 ebook |
| 100 | 1 |
_aWeil, Simone, _d1909-1943, _eauthor. |
|
| 240 | 1 | 0 |
_aRéflexions sur les causes de la liberté et de l'oppression sociale. _lSpanish _s(Blanco Vázquez) |
| 245 | 1 | 0 |
_aReflexiones sobre las causas de la libertad y de la opresión social / _cSimone Weil ; traducción, Rafael Blanco Vázquez. |
| 264 | 1 |
_aBuenos Aires, Argentina : _bEdiciones Godot, _c2014. |
|
| 300 | _a1 online resource. | ||
| 336 |
_atext _btxt _2rdacontent |
||
| 337 |
_acomputer _bc _2rdamedia |
||
| 338 |
_aonline resource _bcr _2rdacarrier |
||
| 347 |
_atext file _2rdaft |
||
| 347 | _bEPUB | ||
| 490 | 1 | _aColección Exhumaciones | |
| 588 | 0 | _aOnline resource; title from ePub title page (Digitalia, viewed January 19, 2023) | |
| 650 | 0 | _aLiberty. | |
| 650 | 0 | _aSocialism. | |
| 700 | 1 |
_aBlanco Vázquez, Rafael, _etranslator. |
|
| 700 | 1 |
_iTranslation of: _aWeil, Simone, _d1909-1943. _tRéflexions sur les causes de la liberté et de l'oppression sociale. |
|
| 791 | 2 |
_aDigitalia (Firm), _edistributor. |
|
| 793 | 0 |
_gDigitalia eBook Collection: _aEdiciones Godot |
|
| 776 | 0 | 8 |
_iPrint version: _aWeil, Simone, 1909-1943. _sRéflexions sur les causes de la liberté et de l'oppression sociale. Spanish (Blanco Vázquez). _tReflexiones sobre las causas de la libertad y de la opresión social. _dBuenos Aires, Argentina : Ediciones Godot, 2014 _z9789871489749 |
| 830 | 0 | _aColección Exhumaciones. | |
| 856 | 4 | 0 |
_3Digitalia Hispánica _uhttps://www.digitaliapublishing.com/a/38457/ |
| 910 | _aPremium collection: 2023 | ||
| 942 | _cRAA | ||
| 999 |
_c244367 _d244367 |
||